Q Vocab Quiz Stats

 Plays Quiz not verified by Sporcle

Challenge
Share
Tweet
Embed
Score 0/25 Timer 06:00
0 Plays Today
% Correct
Quilt
86.4%
Quiver
86.4%
Quoth
81.8%
Quiche
81.8%
Quart
81.8%
Quell
77.3%
Quibble
77.3%
Quinoa
77.3%
Quark
77.3%
Quay
77.3%
Quaternary
72.7%
Quite
72.7%
Quotient
72.7%
% Correct
Qualm
68.2%
Quotidian
63.6%
Quickening
63.6%
Quisling
63.6%
Quadrivium
54.5%
Quinsy
50%
Quinze
50%
Quietus
50%
Quiddity
45.5%
Quinquereme
45.5%
Quire
45.5%
Quimper
40.9%

You're not logged in!

Compare scores with friends on all Sporcle quizzes.
OR
Log In

You Might Also Like...

Show Comments

Extras

Top Quizzes Today


Score Distribution

Your Account Isn't Verified!

In order to create a playlist on Sporcle, you need to verify the email address you used during registration. Go to your Sporcle Settings to finish the process.

Report this User

Report this user for behavior that violates our Community Guidelines.

Details: